000 00305as aa2200109a 44500
090 _aSERIADAS
_b01552
245 1 0 _aRevista Peruana de Biología
260 _bUniversidad Nacional Mayor de San Marcos, Facultad de Ciencias Biológicas
_aPerú
310 _aIRREGULAR
041 0 _aEspañol
942 _cREVISTA
999 _c17314
_d17314